000 00636cam a2200193 4500
001 WB3616-77
008 000000n2000 000 0 eng u
035 _a(Sirsi) u105538
245 _aMinimum wage for students
260 _c2000
490 _aBuilding Design
_v(1437) 20 April 2000, 1&2(2)
520 _aIn response to a recent survey, which found that architecture practices are underpaying year-out students, RIBA has revealed proposals to establish a minimum wage.
590 _aWB
650 _aRIBA
650 _aYEAR-OUT-STUDENTS
650 _aMINIMUM WAGE
690 _aTRAINING AND CAREER DEVELOPMENT
942 _n0
999 _c63237
_d63237